000 00965nam a22002537a 4500
999 _c13409
_d13409
003 AR-CdUCM
008 190415b ||||| |||| 00| 0 spa d
020 _a84-8387-040-1
040 _aMUNICIPALIDAD PROVINCIAL DEL CUSCO
_cBIBLIOTECA MUNICIPAL DEL CUSCO
082 _a398.2 /
_bC557
100 _aChirinos Rivera, Andrés
_925516
245 _aEros andino :
_bAlejo Khunku willawanchik /
260 _aCusco :
_bCBC - Centro de Estudios Religiosos Andinos "Bartolomé de Las Casas",
_c1996.
300 _a412 páginas ;
_c24 cm.
440 _aBiblioteca de la Literatura Oral Andina.
_n16
_931818
500 _aEdición bilingue - Texto en español y quechua.
505 _aContenido: La vida de Alejo Khunku -- Historia y leyendas -- El zorro y otros cuentos.
650 _aTradición oral
_92031
650 _aFolklor
_98776
650 _aPerú
_935
700 _aMaque Capira, Alejo (coautor)
_931819
942 _2ddc
_cLIBROS
945 _aachl
_d2019-04-15